| 000 | 00487nmm a2200157Ia 4500 | ||
|---|---|---|---|
| 008 | 251105s9999||||xx |||||||||||||||||und|| | ||
| 020 | _a9786075718798 | ||
| 041 | _aspa | ||
| 100 | _aNepote, Juan | ||
| 245 | 0 |
_aEl lector científico : _b Vida e invenciones de José María Arreola |
|
| 264 |
_a[México D.C., Mexico] : _bUniversidad de Guadalajara, _c2023 |
||
| 300 | _a441 páginas | ||
| 650 | _aBiography | ||
| 856 | _uhttps://public.digitaliapublishing.com/a/133088 | ||
| 942 | _cCF | ||
| 999 |
_c75834 _d75834 |
||